| 000 | 01083 a2200229 4500 | ||
|---|---|---|---|
| 020 | _a0471648655 | ||
| 020 | _a9780471648659 | ||
| 035 | _a(OCoLC)ocm61115556 | ||
| 040 |
_aDLC _bDLC |
||
| 082 | 0 | 0 | _a621.3845/6 |
| 100 | 1 | _aLau, Vincent K. N. | |
| 245 | 1 | 0 |
_aChannel-adaptive technologies and cross-layer designs for wireless systems with multiple antennas : theory and applications _btheory and applications _cVincent K.N. Lau, Yu Kwong Ricky Kwok. |
| 260 |
_aHoboken, N.J. : _bJohn Wiley, _cc2006. |
||
| 300 |
_axxxv, 506 p. : _bill. ; _c25 cm. |
||
| 440 | 0 | _aWiley series in telecommunications and signal processing | |
| 650 | 0 |
_aWireless communication systems _xDesign and construction. |
|
| 700 | 1 | _aKwok, Yu-Kwong Ricky. | |
| 856 | 4 | 2 |
_3Publisher description _uhttp://www.loc.gov/catdir/enhancements/fy0624/2005043673-d.html |
| 856 | 4 | 2 |
_3Table of contents only _uhttp://www.loc.gov/catdir/enhancements/fy0624/2005043673-t.html |
| 856 | 4 | 2 |
_3Contributor biographical information _uhttp://www.loc.gov/catdir/enhancements/fy0643/2005043673-b.html |
| 942 |
_cBK _k621.382 LAU _2ddc |
||
| 999 |
_c8171 _d8171 |
||